UEFA Euro 2020 First XI - Statistics

General Stats
  • This quiz has been taken 626 times
  • The average score is 94 of 264
Answer Stats
Team Player % Correct
Italy Gianluigi Donnarumma
95%
Italy Giorgio Chiellini
90%
Italy Leonardo Bonucci
90%
Italy Ciro Immobile
86%
Belgium Romelu Lukaku
85%
Belgium Thibaut Courtois
85%
England Harry Kane
82%
England Jordan Pickford
82%
Wales Gareth Bale
80%
Belgium Thorgan Hazard
78%
Switzerland Yann Sommer
78%
England John Stones
76%
Germany Manuel Neuer
76%
Denmark Christian Eriksen
75%
France Hugo Lloris
75%
England Kyle Walker
75%
Portugal Cristiano Ronaldo
74%
Croatia Luka Modrić
74%
France Kylian Mbappé
73%
Italy Lorenzo Insigne
73%
Poland Robert Lewandowski
73%
Belgium Jan Vertonghen
72%
Denmark Kasper Schmeichel
69%
Italy Nicolò Barella
69%
Italy Jorginho
68%
France N'Golo Kanté
68%
France Paul Pogba
68%
France Antoine Griezmann
67%
Switzerland Granit Xhaka
67%
Netherlands Memphis Depay
67%
England Raheem Sterling
67%
Switzerland Xherdan Shaqiri
67%
Italy Leonardo Spinazzola
66%
Germany Thomas Müller
66%
Croatia Duje Ćaleta-Car
65%
England Phil Foden
65%
Portugal Rui Patrício
65%
Belgium Toby Alderweireld
65%
Spain Álvaro Morata
64%
Austria David Alaba
64%
Germany Joshua Kimmich
64%
Portugal Bruno Fernandes
63%
England Declan Rice
63%
Netherlands Frenkie de Jong
63%
Germany Mats Hummels
63%
Spain Pedri
63%
France Raphaël Varane
63%
Wales Aaron Ramsey
62%
France Benjamin Pavard
62%
France Lucas Hernández
62%
Spain Unai Simón
62%
Wales Connor Roberts
61%
Spain Jordi Alba
61%
France Karim Benzema
60%
Czech Republic Patrik Schick
60%
Spain Rodri
60%
Portugal Bernardo Silva
59%
England Kieran Trippier
59%
Russia Mário Fernandes
59%
Finland Teemu Pukki
59%
Germany Serge Gnabry
58%
Scotland Andrew Robertson
57%
Croatia Ivan Perišić
57%
Denmark Simon Kjær
57%
Switzerland Manuel Akanji
56%
Spain Pau Torres
56%
Spain Ferrán Torres
55%
Portugal Pepe
55%
Switzerland Breel Embolo
54%
Germany Kai Havertz
54%
England Kalvin Phillips
54%
Italy Manuel Locatelli
54%
England Mason Mount
54%
Croatia Mateo Kovačić
54%
Portugal Rúben Dias
54%
Ukraine Oleksandr Zinchenko
53%
Ukraine Andriy Yarmolenko
52%
Netherlands Denzel Dumfries
52%
Turkey Burak Yılmaz
51%
Wales Daniel James
51%
Turkey Hakan Çalhanoğlu
51%
Germany Toni Kroos
51%
Belgium Youri Tielemans
51%
Sweden Alexander Isak
50%
North Macedonia Goran Pandev
50%
France Adrien Rabiot
49%
Germany Antonio Rüdiger
49%
Spain Aymeric Laporte
49%
Italy Domenico Berardi
49%
Belgium Yannick Carrasco
49%
Belgium Dries Mertens
48%
Croatia Marcelo Brozović
48%
Netherlands Stefan de Vrij
48%
Poland Wojciech Szczęsny
48%
Denmark Andreas Christensen
47%
Croatia Dominik Livaković
47%
Denmark Yussuf Poulsen
47%
Netherlands Georginio Wijnaldum
46%
Italy Alessandro Florenzi
45%
France Presnel Kimpembe
45%
Netherlands Daley Blind
44%
Croatia Domagoj Vida
44%
Hungary Péter Gulácsi
44%
Poland Piotr Zieliński
43%
Croatia Andrej Kramarić
42%
Germany İlkay Gündoğan
42%
Poland Kamil Glik
42%
Portugal Raphaël Guerreiro
42%
Turkey Çağlar Söyüncü
41%
Spain Dani Olmo
41%
Sweden Emil Forsberg
41%
Switzerland Haris Seferović
41%
Finland Lukáš Hrádecký
41%
Switzerland Ricardo Rodríguez
41%
Austria Marcel Sabitzer
40%
Russia Aleksandr Golovin
39%
Sweden Marcus Berg
39%
Scotland Scott McTominay
39%
Switzerland Fabian Schär
38%
Czech Republic Tomáš Souček
38%
Portugal Diogo Jota
37%
Sweden Robin Olsen
37%
Russia Artem Dzyuba
36%
Denmark Joakim Mæhle
36%
Slovakia Marek Hamšík
36%
Portugal Danilo Pereira
35%
Wales Danny Ward
35%
Denmark Martin Braithwaite
35%
Turkey Merih Demiral
34%
Slovakia Milan Škriniar
34%
Denmark Thomas Delaney
34%
England Tyrone Mings
34%
Croatia Ante Rebić
33%
Wales Ben Davies
33%
Spain Koke
33%
Austria Konrad Laimer
33%
Belgium Timothy Castagne
33%
Sweden Victor Lindelöf
33%
Portugal William Carvalho
33%
Netherlands Wout Weghorst
33%
Croatia Joško Gvardiol
32%
Netherlands Maarten Stekelenburg
31%
Germany Robin Gosens
31%
Wales Joe Allen
30%
Portugal Nélson Semedo
30%
Denmark Pierre Højbjerg
30%
Ukraine Roman Yaremchuk
30%
Croatia Šime Vrsaljko
30%
Czech Republic Vladimír Coufal
30%
Hungary Willi Orbán
30%
Switzerland Nico Elvedi
29%
Hungary Ádám Szalai
28%
Hungary Attila Szalai
28%
Scotland John McGinn
28%
Netherlands Marten de Roon
28%
Germany Matthias Ginter
28%
Belgium Dedryck Boyata
27%
Wales Kieffer Moore
27%
Switzerland Remo Freuler
27%
North Macedonia Elif Elmas
26%
Poland Grzegorz Krychowiak
26%
Slovakia Martin Dúbravka
26%
Netherlands Jurriën Timber
25%
Switzerland Kevin Mbabu
25%
Belgium Leander Dendoncker
24%
Spain Marcos Llorente
24%
Turkey Zeki Çelik
24%
North Macedonia Ezgjan Alioski
23%
Finland Glen Kamara
23%
Poland Jan Bednarek
22%
Austria Stefan Lainer
22%
Czech Republic Tomáš Vaclík
21%
Ukraine Vitaliy Mykolenko
21%
Austria Christoph Baumgartner
19%
Hungary Roland Sallai
19%
Finland Joel Pohjanpalo
18%
Turkey Yusuf Yazıcı
18%
Wales Joe Rodon
17%
Denmark Daniel Wass
16%
Ukraine Ruslan Malinovskyi
16%
Slovakia Ondrej Duda
15%
Sweden Seb Larsson
15%
Sweden Albin Ekdal
14%
Sweden Kristoffer Olsson
14%
Netherlands Patrick van Aanholt
14%
Turkey Uğurcan Çakır
14%
Austria Xaver Schlager
14%
Austria Aleksandar Dragović
13%
Sweden Ludwig Augustinsson
13%
Austria Martin Hinteregger
13%
Poland Mateusz Klich
13%
Poland Bartosz Bereszyński
12%
Wales Chris Mepham
12%
Poland Karol Linetty
12%
Poland Maciej Rybus
12%
Slovakia Róbert Mak
12%
Austria Daniel Bachmann
11%
Scotland David Marshall
11%
North Macedonia Enis Bardhi
11%
Ukraine Illia Zabarnyi
11%
Slovakia Juraj Kucka
11%
Scotland Lyndon Dykes
11%
Denmark Jonas Wind
10%
Austria Sasa Kalajdzic
10%
Russia Yuri Zhirkov
10%
Czech Republic Alex Král
9%
Scotland Grant Hanley
9%
Ukraine Heorhiy Bushchan
9%
Sweden Mikael Lustig
9%
Scotland Stuart Armstrong
9%
Czech Republic Vladimír Darida
9%
Hungary Ádám Nagy
8%
Austria Andreas Ulmer
8%
Hungary Attila Fiola
8%
Scotland Liam Cooper
8%
Turkey Okay Yokuşlu
8%
Turkey Ozan Tufan
8%
Scotland Ryan Christie
8%
North Macedonia Stole Dimitrievski
8%
North Macedonia Aleksandar Trajkovski
7%
Hungary András Schäfer
7%
Scotland Jack Hendry
7%
Finland Jere Uronen
7%
Poland Kamil Jóźwiak
7%
Czech Republic Lukáš Masopust
7%
Ukraine Mykola Matviyenko
7%
Finland Robin Lod
7%
Russia Roman Zobnin
7%
North Macedonia Stefan Ristovski
7%
Czech Republic Tomáš Kalas
7%
Czech Republic Jakub Jankto
6%
Wales Joe Morrell
6%
Hungary László Kleinheisler
6%
Sweden Marcus Danielson
6%
Ukraine Oleksandr Karavayev
6%
Ukraine Oleksandr Zubkov
6%
Slovakia Peter Pekarík
6%
Ukraine Serhiy Sydorchuk
6%
North Macedonia Arijan Ademi
5%
Finland Daniel O'Shaughnessy
5%
Russia Georgi Dzhikiya
5%
Turkey Kenan Karaman
5%
Finland Paulus Arajuuri
5%
Finland Tim Sparv
5%
Turkey Umut Meraş
5%
Russia Anton Shunin
4%
Russia Daler Kuzyayev
4%
Finland Joona Toivio
4%
Finland Jukka Raitala
4%
Slovakia Lukáš Haraslín
4%
Russia Magomed Ozdoyev
4%
Russia Andrei Semyonov
3%
North Macedonia Darko Velkovski
3%
Czech Republic Jan Bořil
3%
Czech Republic Ondřej Čelůstka
3%
Scotland Stephen O'Donnell
3%
Slovakia Tomáš Hubočan
3%
North Macedonia Visar Musliu
3%
North Macedonia Boban Nikolov
2%
Russia Dmitri Barinov
2%
Hungary Endre Botka
2%
Hungary Gergő Lovrencsics
2%
Slovakia Jakub Hromada
2%
Slovakia Ľubomír Šatka
2%
No matching quizzes found
Score Distribution
Percent of People with Each Score
Percentile by Number Answered
Your Score History
You have not taken this quiz